Normal view
MARC view
Entry Personal Name
001 - CONTROL NUMBER
- control field: 51992
003 - CONTROL NUMBER IDENTIFIER
- control field: ARRUPE
005 - DATE AND TIME OF LATEST TRANSACTION
- control field: 20221128114327.0
008 - FIXED-LENGTH DATA ELEMENTS
- fixed length control field: 221128|| aca||aabn | a|a d
040 ## - CATALOGING SOURCE
- Original cataloging agency: ARRUPE
- Transcribing agency: ARRUPE
100 ## - HEADING--PERSONAL NAME
- Personal name: Hitler, Adolf,
- Dates associated with a name: 1889-1945
- General subdivision: Friends and associates
670 ## - SOURCE DATA FOUND
- Source citation: Work cat.: (ARRUPE)131578: Urbach, Karina, author. 51991, Go-betweens for Hitler /